|
|
|
|
| LEADER |
00000nam0a2200000 4500 |
| 001 |
339037 |
| 005 |
20231102005115.0 |
| 035 |
|
|
|a (RuTPU)RU\TPU\book\365542
|
| 090 |
|
|
|a 339037
|
| 100 |
|
|
|a 20171208d1963 km y0rusy50 ca
|
| 101 |
0 |
|
|a rus
|
| 102 |
|
|
|a UA
|
| 105 |
|
|
|a a z 001zy
|
| 200 |
1 |
|
|a Проведение восстающих выработок по крепким горным породам
|f Б. Н. Болотов
|
| 210 |
|
|
|a Харьков
|c Изд-во ХГУ
|d 1963
|
| 215 |
|
|
|a 142 с.
|c ил.
|
| 320 |
|
|
|a Библиогр.: с. 139-141
|
| 606 |
1 |
|
|a Горные выработки подготовительные
|x Устойчивость
|2 stltpush
|3 (RuTPU)RU\TPU\subj\7795
|9 35339
|
| 610 |
1 |
|
|a восстающие выработки
|
| 610 |
1 |
|
|a параметры
|
| 610 |
1 |
|
|a проведение
|
| 610 |
1 |
|
|a шпуры
|
| 610 |
1 |
|
|a бурение
|
| 610 |
1 |
|
|a буровзрывные работы
|
| 610 |
1 |
|
|a глубокие скважины
|
| 610 |
1 |
|
|a крепкие породы
|
| 675 |
|
|
|a 622.268
|v 4
|
| 700 |
|
1 |
|a Болотов
|b Б. Н.
|g Борис Николаевич
|
| 801 |
|
1 |
|a RU
|b 63413507
|c 20171208
|
| 801 |
|
2 |
|a RU
|b 63413507
|c 20201102
|g RCR
|
| 942 |
|
|
|c BK
|